Countries by Consonants #2 - Statistics

General Stats
  • This quiz has been taken 3,351 times
  • The average score is 14 of 20
Answer Stats
Hint Answer % Correct
BLZ Belize
97%
RQ Iraq
87%
CB Cuba
86%
TLY Italy
86%
ML Mali
85%
LSLVDR El Salvador
84%
RSS Russia
82%
RLND Ireland
78%
PPNWGN Papua New Guinea
76%
GRG Georgia
73%
VNT Vanuatu
72%
BRN Brunei
70%
SWTN Eswatini
66%
CRT Croatia
63%
CLND Iceland
62%
GN Guinea
46%
CDR Ecuador
40%
STN Estonia
40%
NTGNDBRBD Antigua and Barbuda
39%
SRRLN Sierra Leone
35%
No matching quizzes found
Score Distribution
Percent of People with Each Score
Percentile by Number Answered
Your Score History
You have not taken this quiz